Tiempos Del Cólera P40-50 - Estadísticas

Estadísticas generales
  • Esta prueba ha sido intentada 5 veces
  • La puntuación promedio es 41 de 113
Estadísticas de respuestas
Term Respuesta % Correcto
Jardinero Gardener
100%
Nación Nation
100%
Reabrir Reopen
100%
Simplicidad Simplicity
100%
Agravar Aggravate
67%
Enjaulado Caged
67%
Ataúd Coffin
67%
Colecta Collection
67%
Corsé Corset
67%
Desinfección Disinfection
67%
Trastorno Disorder
67%
Énfasis Emphasis
67%
Ventilador Fan
67%
Fetal Foetal
67%
Carajo Fuck
67%
Histórico Historic
67%
Viaje De Bodas Honeymoon
67%
Conyugal Marital
67%
Mastín Mastiff
67%
Miseria Misery
67%
Lunar Mole
67%
Vecindario Neighbourhood
67%
Olla Pot
67%
Promover Promote
67%
Recíproco Reciprocal
67%
Restringido Restricted
67%
Jinete Rider
67%
Senil Senile
67%
Camisero Shirt
67%
Almidón Starch
67%
Trapecio Trapeze
67%
Camión Truck
67%
Tranca Bar
33%
Tardío Belated
33%
Aspa Blade
33%
Muermo Bore
33%
Cascorvo Bow Legged
33%
Timbre Buzzer
33%
Acarrear Carry
33%
Escaldado Chastened
33%
Cisterna Cistern
33%
Travesaño Crossbar
33%
Estrago Damage
33%
Desolador Desolate
33%
Artificio Device
33%
Quicio Doorjamb
33%
Fieltro Felt
33%
Liviano Fickle
33%
Bravo Fierce
33%
Perder Los Estribos Fly Off The Handle
33%
Espumarajo Froth
33%
Encrudecer Get Worse
33%
Algarabía Gibberish
33%
Rezongar Grumble
33%
Anca Haunch
33%
Domicilio Home
33%
Improperio Insult
33%
En Cueros In The Buff
33%
Machetazo Machete Blow
33%
Mosquitero Mosquito Net
33%
Matizar Nuance
33%
Pastorear Pasture
33%
Ratero Petty Thief
33%
Verosímil Plausible
33%
Reponer Replace
33%
Rencor Resentment
33%
Óxido Rust
33%
Raso Satin
33%
Servidumbre Servitude
33%
Regadera Shower
33%
Claraboya Skylight
33%
Jabonera Soap Dish
33%
Zarzuela Spanish Light Opera
33%
Sancocho Stew
33%
Estribo Stirrup
33%
Servicio Tableware
33%
Conseja Tale
33%
Azotea Terrace Roof
33%
Providencial Timely
33%
Trementina Turpentine
33%
Inequívoco Unequivocal
33%
Comprobación Verification
33%
Talle Waistline
33%
Caudal Wealth
33%
Sin Son Ni Ton Without Rhyme Or Reason
33%
Revolverse Writhe
33%
Rebato Alarm
0%
Zozobra Anxiety
0%
Guineo Banana Plant
0%
Bravata Big Talk
0%
Veladora Candle
0%
Argucia Chicanery
0%
Chicharra Cicada
0%
Albañil Construction Worker
0%
Sacar De Quicio Drive Crazy
0%
Intemperie Elements
0%
Maroma Flip
0%
Escorzo Foreshortening
0%
Bisabuelo Great Grandfather
0%
A Fondo In Depth
0%
Pleito Lawsuit
0%
Recado Message
0%
Agravio Offence
0%
De Veras Really
0%
Morrocoy Red Footed Tortoise
0%
Cogollo Shoot
0%
Despropósito Silly Thing To Do
0%
Ensopar Soak
0%
Lidia Struggle
0%
Rebasar Surpass
0%
Capitular Surrender
0%
A Toda Suerte To All Sorts
0%
Cerrero Uncouth
0%
No se encontraron pruebas coincidentes
Distribución de puntuación
Porcentaje de gente con cada puntuación
Porcentaje por número respondido
Historial de tus puntuaciones
No has intentado esta prueba.